MLB Baseball Best Player 2025 - Statistics

General Stats
  • This quiz has been taken 231 times
  • The average score is 14 of 30
Answer Stats
Team Player(s) WAR % Correct
Los Angeles Dodgers Shohei Ohtani 7.7
81%
New York Yankees Aaron Judge 9.8
79%
Athletics Nick Kurtz 5.4
79%
New York Mets Juan Soto 6.4
71%
Kansas City Royals Bobby Witt Jr. 7.1
68%
Detroit Tigers Tarik Skubal 6.6
68%
Toronto Blue Jays Vladimir Guerrero Jr. | George Springer 4.6
67%
Seattle Mariners Cal Raleigh 7.3
65%
Pittsburgh Pirates Paul Skenes 7.6
63%
Atlanta Braves Matt Olson 6.0
62%
Cleveland Guardians Jose Ramirez 5.8
61%
San Diego Padres Fernando Tatis Jr. 5.9
60%
Minnesota Twins Byron Buxton 4.9
54%
Texas Rangers Corey Seager 6.1
54%
Boston Red Sox Garrett Crochet 6.3
51%
Philadelphia Phillies Cristopher Sánchez 7.6
46%
Arizona Diamondbacks Geraldo Perdomo 7.0
46%
Washington Nationals James Wood 3.7
46%
Miami Marlins Otto López | Kyle Stowers 3.6
41%
Houston Astros Hunter Brown 6.1
38%
Colorado Rockies Hunter Goodman 3.7
37%
Milwaukee Brewers Freddy Peralta 5.4
36%
San Francisco Giants Matt Chapman 4.1
32%
Los Angeles Angels Zack Neto 5.1
32%
Chicago Cubs Nico Hoerner 6.1
27%
Cincinnati Reds Andrew Abbott 5.6
23%
Baltimore Orioles Trevor Rogers 5.4
19%
St. Louis Cardinals Brendan Donovan 2.7
18%
Chicago White Sox Colson Montgomery 3.3
16%
Tampa Bay Rays Drew Rasmussen 4.6
8%
No matching quizzes found
Score Distribution
Percent of People with Each Score
Percentile by Number Answered
Your Score History
You have not taken this quiz